AH International Schools' Libraries

How to live plastic free : (Record no. 47695)

MARC details
000 -LEADER
fixed length control field 02045cam a2200217 i 4500
001 - CONTROL NUMBER
control field 22904102
005 - DATE AND TIME OF LATEST TRANSACTION
control field 20260205144440.0
008 - FIXED-LENGTH DATA ELEMENTS--GENERAL INFORMATION
fixed length control field 221216s2018 enk b 000 0 eng
020 ## - INTERNATIONAL STANDARD BOOK NUMBER
International Standard Book Number 9781472259813
Qualifying information (hardcover)
020 ## - INTERNATIONAL STANDARD BOOK NUMBER
International Standard Book Number 1472259815
Qualifying information (hardcover)
082 04 - DEWEY DECIMAL CLASSIFICATION NUMBER
Classification number 363.7
100 1# - MAIN ENTRY--PERSONAL NAME
Personal name Bonaccorsi, Luca,
Relator term author.
9 (RLIN) 85543
245 10 - TITLE STATEMENT
Title How to live plastic free :
Remainder of title a day in the life of a plastic detox /
Statement of responsibility, etc Marine Conservation Society ; Luca Bonaccorsi, Richard Harrington, Clare Fischer.
260 ## - PUBLICATION, DISTRIBUTION, ETC. (IMPRINT)
Place of publication, distribution, etc UK:
Name of publisher, distributor, etc Headline Home;
Date of publication, distribution, etc 2018.
300 ## - PHYSICAL DESCRIPTION
Extent 212 pages ;
Dimensions 21 cm
504 ## - BIBLIOGRAPHY, ETC. NOTE
Bibliography, etc Includes bibliographical references (pages 197-209).
505 0# - FORMATTED CONTENTS NOTE
Formatted contents note A day in the life of a plastic detox -- Getting up -- The bathroom -- Babies and kids -- Breakfast -- The office -- After-work activities -- Pets -- Waste of time -- Other important times to detox -- The weekend -- holidays -- Special occasions -- When not to detox -- Plastic that saves lives -- Farewell -- Appendix.
520 ## - SUMMARY, ETC.
Summary, etc Choking. Starving. Poisoning. This is what plastic litter is doing to marine life. Our oceans are, quite simply, facing environmental disaster. Yet by taking some simple steps and making a few changes to your daily routine, YOU can help to change this. How to Live Plastic Free will teach you everything you need to know about reducing your plastic usage on a daily basis. The chapters start with a typical morning routine and take you through your day, giving you tips and practical advice for removing unnecessary plastic at every possible opportunity. From the moment you wake up to the time you go to bed, you will learn how easy it can be to use plastic-free cosmetics, how to have plastic-free mealtimes, how to change your shopping habits and how to consider your use of plastic items at work. These simple, practical methods will show that small changes to your lifestyle can make a huge change to the future of our planet.--
650 #0 - SUBJECT ADDED ENTRY--TOPICAL TERM
Topical term or geographic name as entry element Plastic scrap. Environmental protection. Waste minimization. Sustainable living.
9 (RLIN) 85544
942 ## - ADDED ENTRY ELEMENTS (KOHA)
Source of classification or shelving scheme
Koha item type NON FIC SECTION
Holdings
Withdrawn status Lost status Source of classification or shelving scheme Damaged status Not for loan Collection code Home library Current library Date acquired Total Checkouts Full call number Barcode Date last seen Date checked out Price effective from Koha item type
          Non-Fiction Asian Hope Secondary Library Asian Hope Secondary Library 10/31/2024 2 363.7 BON 206648 02/03/2026 01/13/2026 10/31/2024 NON FIC SECTION

For any Logos Library related questions please contact Miss Art at swongnarasuk@asianhope.org.

For any Asian Hope Library related questions please contact Miss Raza at graza@asianhope.org.

Powered by Koha